000 00544nam a22002057a 4500
003 OSt
005 20140310182928.0
008 130130t xxu||||| |||| 00| 0 eng d
020 _a9789715420853
050 _aPL 5535
_b.Ya11 2008
082 _aFIL 899.210301
_b.Ya11 2008
245 _aPhilippine short stories 1941-1955
_cYabes, Leopoldo Y.
260 _aQuezon City
_bU.P. Press
_c2008
300 _a545 p.
_c23 cm.
521 _acollege students
526 _c1210L-1700L
541 _j1
562 _e1
942 _2lcc
_cBK
_kFIL
999 _c17465
_d17465